| 000 | 00790nam a2200265Ia 4500 | ||
|---|---|---|---|
| 003 | OSt | ||
| 005 | 20220925230813.0 | ||
| 006 | a|||||r|||| 00| 0 | ||
| 007 | ta | ||
| 008 | 220923b |||||||| |||| 00| 0 eng d | ||
| 020 |
_a9781446209042 _c2131.7199999999998 |
||
| 037 |
_b4981, 27/07/2013, RAJKIRAN BOOK AGENCY _cGeneral Book |
||
| 040 |
_aRTL _cRTL _beng |
||
| 041 |
_2eng _aeng |
||
| 082 | _aYb4, Q3 | ||
| 100 |
_aSCOTT John _920899 |
||
| 245 | 0 | _aSocial network analysis. | |
| 250 | _a3 | ||
| 260 |
_aLos _bAngeles Sage _c2013 |
||
| 300 |
_ax,201p. Bibliography: P 185-98 _ccm. |
||
| 500 | _aBibliography: 181-189p. | ||
| 650 | _aEconomics | ||
| 942 |
_hYb4, Q3 _cGB _2CC |
||
| 999 |
_c586649 _d586649 |
||